000 00418nam a2200169Ia 4500
001 22380
005 20260414150827.0
008 260414t2013||||xx |||||||||||||| ||spa||
041 _aESP
082 _a621.38
_bL86
100 _aLópez Fernández, Jesús
_eAUT
245 0 _aSeñales aleatorias :
_bteoría y ejercicios resueltos
260 _c2013
650 _aTCA
654 _aCET
942 _cLIB
_dJUS
_fJUS
_2ddc
_n
999 _c22380
_d22380